The Aims Of Argument: A Text And Reader, (Record no. 5030)

MARC details
005 - DATE AND TIME OF LATEST TRANSACTION
control field 20250625113049.0
020 ## - INTERNATIONAL STANDARD BOOK NUMBER
International Standard Book Number 0-07-286342-0
082 ## - DEWEY DECIMAL CLASSIFICATION NUMBER
Classification number 808.0427 CRU
100 ## - MAIN ENTRY--PERSONAL NAME
Author name CRUSIUS, T. W.
245 ## - TITLE STATEMENT
Title The Aims Of Argument: A Text And Reader,
250 ## - EDITION STATEMENT
Edition statement 4th Ed.
260 ## - PUBLICATION, DISTRIBUTION, ETC.
Place of publication, distribution, etc. New York,
Name of publisher, distributor, etc. McGraw-Hill Irwin,
Date of publication, distribution, etc. 2003.
300 ## - PHYSICAL DESCRIPTION
Extent xxxiv.; 317p.; ill,; picture,
Other physical details Glossary & Index,
Dimensions 24cm.
700 ## - ADDED ENTRY--PERSONAL NAME
Other authors/Editors CHANNELL,C. E.
942 ## - ADDED ENTRY ELEMENTS (KOHA)
Source of classification or shelving scheme Dewey Decimal Classification
Koha item type Books
Holdings
Date last seen Total checkouts Full call number Barcode Cost, replacement price Price effective from Koha item type Lost status Source of classification or shelving scheme Damaged status Not for loan Withdrawn status Home library Current library Shelving location Date acquired Cost, normal purchase price
06/25/2025   808.0427 CRU DOM0002738 135000.00 06/25/2025 Books   Dewey Decimal Classification       CBE Dodoma CBE Dodoma General Collection 06/06/2005 45000.00
06/25/2025   808.0427CRU DOM0002739 135000.00 06/25/2025 Books   Dewey Decimal Classification       CBE Dodoma CBE Dodoma General Collection 06/06/2005 45000.00